01146nam a22002537a 45000010005000000030006000050050017000110080041000280200018000690400029000870500010001161000018001262450091001442500028002352600040002633000050003035050008003535200395003615210029007565210020007856000023008056500031008287000033008593478FISKH20250826090232.0240312b cb ||||| |||| 00| 0 eng d a9789814281126 aFISKHbengcFISKHdFISKH a398.2 aGiles, Jenny  aGoldilocks and the three bears /cRetold by Jenny Giles : illustrated by Pat Reynolds  aFirst published in 1998 aBoston : bCengage Learning, c1998 a32 pages : bcolor illustrations ; c22 cm .  aH  aScandinavia, where bears still live in the mountains, was chosen as the setting for this story. The turf-roofed house, the furniture, fabrics and clothes were all inspired by Icelandic, Norwegian and Swedish designs. Robert Southey's famous English version (in which the bears' visitor was an old woman) was written in 1837, and based on oral tradition. Set in Scandinavia, circa 1700-1800.8 a470 bLexile estimate 8 aH bRaz-Plus  2plays vFairy tale athree bears vFairy tales  aReynolds, Pat eillustrator